LEADER 01769nam a2200373 a 4500 001 000000167467 003 CaOOAMICUS 005 20180504091537.0 008 180504m20179999be u001 u lat r 020 $a978-2-503-56986-4 (v.1)* 032 $aLibriCat 040 $aPUL$bita 041 1 $alat$aita$aarm$harm 130 0 $aActa Pauli et Theclae.$lItaliano e armeno.$0(OLS)http://pul/title/207523 245 10$aApocrypha armeniaca /$ccura et studio Valentina Calzolari. 260 $aTurnhout :$bBrepols,$c2017- 300 $av. ;$c25 cm. 490 1 $aCorpus Christianorum. Series Apocryphorum ;$v20 504 $aBibliografia: p. [xviii]-xliii. 505 1 $aV. 1. Acta Pauli et Theclae ; Prodigia Theclae ; Martyrium Pauli. 546 $aTesto armeno a fronte, introduzione in italiano, front. in latino. 630 04$aActa Pauli et Theclae$xCritica e interpretazione.$0(OLS)http://pul/subject/11864 650 4$aLetteratura religiosa armena.$0(OLS)http://pul/subject/45443 700 1 $aCalzolari, Valentina.$0(OLS)http://pul/name/82077 740 02$aActa Pauli et Theclae ; Prodigia Theclae ; Martyrium Pauli. 830 0$aCorpus Christianorum.$pSeries Apocryphorum ;$v20.$0(OLS)http://pul/title/2762 850 $aPUL 852 $aPUL$W1$xSL Cons. Gen., Altre Classi 1$y1$m2008 E 1.20$j191373$bv. 1$qStampati$B195117$CPULBib$Z2$F195117 $H130696 $81 941 1 $a8 996 $6020$a978-2-503-56986-4 (v.1)*$9(OLS)http://pul/number/163909 996 $6245$aApocrypha armeniaca$9(OLS)http://pul/title/207524 996 $6740$aActa Pauli et Theclae ; Prodigia Theclae ; Martyrium Pauli$9(OLS)http://pul/title/207525 996 $6260$aTurnhout :$bBrepols$9(OLS)http://pul/publisher/47850 LEADER 01078nam a2200289 a 4500 001 000000123153 003 CaOOAMICUS 005 20100929143209.0 008 100929t2010 it u000 u ita r 020 $a978-88-06-20437-2 040 $aPUL$bita 082 04$a261.8 100 1 $aBianchi, Enzo,$d1943-$0(OLS)http://pul/name/26766 245 12$aL'altro siamo noi /$cEnzo Bianchi. 260 $aTorino :$bGiulio Einaudi,$cİ2010. 300 $a82 p. ;$c18 cm. 490 1 $aVele ;$v53 650 4$aImmigrati$xIntegrazione.$0(OLS)http://pul/subject/19051 830 0$aVele ;$v53.$0(OLS)http://pul/title/145353 850 $aPUL 852 $aPUL$W1$xSL Religione 3$y85$m261. 8 BIAEN 1$j141576$qDDC 21$B140607$CPULBib$Z2$F140607 $H114158 $82 941 1 $a9 996 $6020$a978-88-06-20437-2$9(OLS)http://pul/number/145478 996 $6082$a261.8$9(OLS)http://pul/classification/367 996 $6245$aL'altro siamo noi$9(OLS)http://pul/title/155206 996 $6260$aTorino :$bGiulio Einaudi$9(OLS)http://pul/publisher/54573